000 00621nam a2200229Ia 4500
003 OSt
005 20220924121059.0
006 a|||||r|||| 00| 0
007 ta
008 220923b |||||||| |||| 00| 0 ben d
024 _a301118
037 _cTextual
040 _aARTS
_cARTS
_bben
041 _2ben
_aben
082 _aZ(Q7), 157M0
100 _aRahman Ghazi Shamsur
_9184227
245 0 _aIslami ayeentatta Rahman
260 _aDhaka
_bIslamic Foundation Bangladesh
_c1980
650 _aLAW
_97240
942 _hZ(Q7), 157M0
_cTEXL
_2CC
999 _c405750
_d405750